00313nam a2200121Ia 4500008004100000041001200041082001100053100001800064245007900082260000600161650000600167700001800173221030s9999 xx 000 0 und d aEnglish a105.23 aS. N. Motewar 0aData Processing and Computer Programmingcby S. N. Motewar , S. Domkundwar c0 aB aS. Domkundwar